1234 1063 1164 1830 1686 1929 1268 1766 1001 1797 1661 1565 1135 1342 1063 1861 1994 1287 1300 1681 1669 1956 1778 1707 1881 1040 1936 1373 1398 1840 1333 1760 1624 1485 1163 1911 1775 1769 1586 1332 1979 1007 1980 1985 1097 1839 1523 1757 1645 1071 1408 1640 1847 1737 1885 1900 1442 1776 1289 1799 1583 1817 1235 1253 1816 1687 1306 1408 1736 1586 1213 1483 1393 1076 1018 1069 1512 1708 1459 1627 1286 1499 1641 1745 1051 1998 1816 1920 1739 1892 1872 1358 1847 1131 1028 1581 1071 1907 1988 BCNSPRNW ULIB Ver.6.0+V

เปลี่ยนเป็นภาษาไทย

Change to English
 แสดงรายละเอียดบรรณานุกรม
  กลับหน้าหลัก

Brief Record : Get Marc (ISO 2709) : E-mail record : QR code < ปิดหน้าต่าง
LEADER : 00000nam 2200000uu 4500
001    13399107759
003     ULIB
008    110202s2553||||th 000 0 tha d
020    9789749751886
060  4 WP560^bว725ป 2553
100 0  วิไล หนุนภักดี
245 00 ปวดประจำเดือน หายได้ด้วยธรรมชาติบำบัด^cเรียบเรียงโดย วิไล หนุนภักดี;บรรณาธิการ บรรจบ ชุณหสวัสดิกุล
250    พิมพ์ครั้งที่ 6
260    กรุงเทพฯ^bบริษัท รวมทรรศน์ จำกัด,^c2553
300    102 หน้า;^bมีภาพประกอบ
650  7 ปวดประจำเดือน
650  0 ระดู
700 0  วิไล หนุนภักดี
945    ^p125^l0^i029599
945    ^p125^l0^i029597
945    ^p125^l0^i029598
995    ทศพร
999 ^a ใช้งานได้ทุกระบบ
รายการนี้ยังไม่มีแท็ก
คุณยังไม่ได้ล็อกอิน คุณสามารถมีกิจกรรมร่วมกับเว็บไซต์ได้ แต่ต้องล็อกอินก่อน ::
  ล็อกอิน

รายการสื่อสารสนเทศ

ลำดับที่ ประเภท เลขเรียก/บาร์โค้ด สถานที่ สถานะ
1. วิทยาศาสตร์การแพทย์ และสุขภาพ
หนังสือสำรอง
สถานะ=หนังสือสำรอง
WP560 ว725ป 2553 ฉ.1 
  Barcode: 029597
ห้องสมุดวิทยาเขตสวรรค์ประชารักษ์
►ส่วนจัดเก็บหนังสือเก่า สปร
บนชั้น
  ขอยืม
2. วิทยาศาสตร์การแพทย์ และสุขภาพ
วิทยาศาสตร์การแพทย์ และสุขภาพ
WP560 ว725ป 2553 ฉ.2 
  Barcode: 029598
ห้องสมุดวิทยาเขตสวรรค์ประชารักษ์
►ส่วนจัดเก็บหนังสือเก่า สปร
บนชั้น
  ขอยืม
3. วิทยาศาสตร์การแพทย์ และสุขภาพ
วิทยาศาสตร์การแพทย์ และสุขภาพ
WP560 ว725ป 2553 ฉ.3 
  Barcode: 029599
ห้องสมุดวิทยาเขตสวรรค์ประชารักษ์
►ส่วนจัดเก็บหนังสือเก่า สปร
บนชั้น
  ขอยืม

รายการใกล้เคียง
    ผู้แต่ง [วิไล หนุนภักดี]

    หัวเรื่อง [ปวดประจำเดือน]
    หัวเรื่อง [ระดู]

BibComment


ยังไม่เคยถูกคอมเมนท์

คอมเมนท์ทรัพยากรรายการนี้
  คอมเมนท์: ปวดประจำเดือน หาย..


 Copyright 2026. Bcnsprnw @Library